| 000 | 00696nam a2200181Ia 4500 | ||
|---|---|---|---|
| 008 | 090124s9999 xx 000 0 und d | ||
| 082 | _b29845 | ||
| 100 | _aअवचट पंडित काकासाहेब | ||
| 245 | _a सरस्वतीचा महान उपासक | ||
| 250 | _a1 | ||
| 260 |
_bसौभाग्य प्रकाशन _c1990 |
||
| 300 | _a128 | ||
| 600 | _aअवचट पंडित काकासाहेब | ||
| 630 | _a सरस्वतीचा महान उपासक | ||
| 700 | _aअवचट पंडित काकासाहेब | ||
| 730 | _a सरस्वतीचा महान उपासक | ||
| 942 | _cBOOK | ||
| 999 |
_c94906 _d94906 |
||